000
00252nam a2200097Ia 4500
001
793173
005
20250826170644.0
008
250824s9999 xx 000 0 und d
245
0
_a
KIRIK HANÇER
_c
AHMET YILMAZ BOYUNAĞA
260
_b
GENÇ TİMAŞ YAYINLARI
999
_c
793173
_d
793173